Nursing Theorists - Statistics

General Stats
  • This quiz has been taken 8 times
  • The average score is 2 of 32
Answer Stats
Hint Answer % Correct
Environmental Theory Florence Nightingale
80%
The Neuman System Model Betty Neuman
40%
Roy Adaptation Model Sister Callista Roy
40%
Philosophy and Theory of Transpersonal Caring Jean Watson
20%
Human-to-Human Relationship Model Joyce Travelbee
20%
From Novice to Expert Model Patricia Benner
20%
Nursing Needs Theory Virginia Henderson
20%
Transitions Theory Afaf Ibrahim Meleis
0%
The Theory of Nursing as Caring: A Model for Transforming Practice Anne Boykin, Savina O. Schoenhofer
0%
Self-Care-Deficit Theory Dorothea E. Orem
0%
The Behavioral System Model Dorothy E. Johnson
0%
The Helping Art of Clinical Nursing Ernestine Wiedenbach
0%
Conceptual Model of Nursing Evelyn Adam
0%
21 Nursing Problems Theory Faye Glenn Abdellah
0%
The Theory of Modeling and Role-Modeling Helen C. Erikson, Evelyn M. Tomlin, Mary Ann P. Swain
0%
Interpersonal Theory Hildegard Elizabeth Peplau
0%
Deliberative Nursing Process Theory Ida Jean Orlando
0%
The Theory of Goal Attainment Imogene King
0%
Philosophy of Caring Kari Martinsen
0%
Child Health Assessment Interaction Theory Kathryn E. Barnard
0%
The Theory of Caritative Caring Katie Eriksson
0%
Care, Core, Cure Theory Lydia E. Hall
0%
Transcultural Care Theory/Culture Care Theory Madeleine N. Leininger
0%
Health as Expanding Consciousness Theory Margaret A. Newman
0%
Bureaucratic Caring Theory Marilyn Anne Ray
0%
Science of Unitary Human Beings Martha E. Rogers
0%
Maternal Role Attainment Theory Merle H. Mishel
0%
The Conservation Model of Nursing Myra Estrin Levine
0%
Roper-Logan-Tierney Model of Nursing Based on Activities of Living Nancy Roper, Winifred Logan, Alison J. Tierney
0%
Health Promotion Model Nola J. Pender
0%
Uncertainty in Illness Theory Ramona Mercer
0%
Human Becoming Theory Rosemarie Rizzo Parse
0%
No matching quizzes found
Score Distribution
Percent of People with Each Score
Percentile by Number Answered
Your Score History
You have not taken this quiz